000 nam a22 a 4500
999 _c823
_d823
003 AKMAL
005 20170505135724.0
008 170505t19931993my | e i 001 0 may d
020 _a9836230904 (kkt.) :
_cRM 15.00
039 9 _a201509181548
_biliza
_c201507010940
_dmaulidiah
_c200808171609
_dpmmalaysiana
_c200709241224
_dpmmalaysiana
040 _aAKMAL
_cAKMAL
049 _aklpmalpma
082 0 4 _a297.1226 KHA
_222
090 _a297.1226
_bKHA
090 2 0 _a297.1226
_bKHA
100 1 _aKhalifa, Mohammad,
_d1929-
_91789
245 1 _aAl-Qur'an dan orientalisme /
_cMohammad Khalifa /
_cpenterjemah dan kata penghantar Zakaria Stapa, Mohamad Asin Dollah
260 _aKuala Lumpur :
_bDewan Bahasa dan Pustaka,
_c1993
300 _axx, 321ms. ;
_c22cm
500 _aMengandungi indeks
500 _aTerjemahan dari: The sublime Qur'an and orientalism.- Harlow, Essex: Longman, 1983
504 _aBibliografi: ms.305-313
650 1 0 _aKoran
_91790
650 2 0 _aKoran
_xStudy and teaching
_zEurope
_91791
650 2 0 _aQur'an
_xCriticism, interpretation, etc.
_91730
700 0 _aZakaria Stapa,
_d1951-
_91792
700 0 _aMohamed Asin Dollah
_91793
942 _2ddc
_cBOOK